000 00653cam a2200253Mi 4500
001 92538
005 20230410124102.0
008 000101s2001 pr 000 0 spa d
035 _a(OCoLC)ocn253346991
040 _aGyGoGBV
_erakwb
_bger
_cGBVCP
020 _a0965019640
020 _a9780965019644
024 8 _aSPKT708029
035 _a(OCoLC)253346991
049 _aGRAL
050 1 4 _aM444d 2001
100 1 _aMattos Cintron, Wilfredo.
245 1 0 _aDesamores :
_bnovela /
_cWilfredo Mattos Cintron.
260 _aSan Juan, P.R. :
_bEd. La Sierra,
_c2001.
300 _a218 S.
942 _2lcc
_cbk
994 _aC0
_bDRFGD
946 _anc
999 _c70691
_d70691